| 000 | 00619nam a2200205Ia 4500 | ||
|---|---|---|---|
| 003 | OSt | ||
| 005 | 20230724145558.0 | ||
| 008 | 210716s2000 xx 000 0 und d | ||
| 040 | _cAIMIT LIBRARY | ||
| 041 | _aeng | ||
| 082 |
_a004.81 _21 _bUPTE |
||
| 245 |
_aO level programme module 1 : _b information technology / |
||
| 250 | _a1st ed. | ||
| 260 |
_aLucknow : _c2000. |
||
| 300 |
_axxiii,272p. ; _bPB _c27 cm. |
||
| 650 |
_aInformation concepts and processing _9128254 |
||
| 650 |
_aComputers and communication _9128255 |
||
| 650 |
_aPrinciples of data security _9128256 |
||
| 942 |
_2ddc _cBK _e1st ed. _k004.81 UPTC |
||
| 999 |
_c183885 _d183885 |
||